000 00950nam a2200277 a 4500
001 2833998
003 ARRUPE
005 20160308115051.0
008 830912s1950 lo d 000 0 eng
010 _a 83199037
040 _aDLC
_cDLC
_dDLC
041 0 _aengsso
050 0 0 _aREF PL8689.4
_b.M33 1950
100 1 _aMabille, A.
_q(Adolphe),
_d1836-1894.
_922820
245 1 0 _aSouthern Sotho-English dictionary /
_cby A. Mabille and H. Dieterlen.
250 _aReclassified, rev. and enl. /
_bby R.A. Paroz.
260 _aMorija, Lesotho :
_bMorija Sesuto Book Depot,
_c1950
300 _axvi, 445 p. ;
_c23 cm.
500 _a"Seventh edition"--P. v.
500 _aRev. ed. of: Sesuto-English dictionary. 6th ed. 1937.
650 0 _aSotho language
_xDictionaries
_xEnglish.
_922258
700 1 _aDieterlen, H.
_922821
700 1 _aParoz, R. A.
_eED.
_922822
906 _a7
_bcbc
_corignew
_d2
_encip
_f19
_gy-gencatlg
942 _2lcc
_cMONOGRAPH
999 _c124337
_d124337